The encyclopedia of learning disabilities / (Record no. 11778)

000 -LEADER
fixed length control field 01250cam a22003134a 4500
001 - CONTROL NUMBER
control field 12478962
005 - DATE AND TIME OF LATEST TRANSACTION
control field 20160712113847.0
008 - FIXED-LENGTH DATA ELEMENTS--GENERAL INFORMATION
fixed length control field 010723s2002 nyu be 001 0 eng
010 ## - LIBRARY OF CONGRESS CONTROL NUMBER
LC control number 2001040620
020 ## - INTERNATIONAL STANDARD BOOK NUMBER
International Standard Book Number 0816040753 (hardcover : alk. paper)
040 ## - CATALOGING SOURCE
Original cataloging agency DLC
Transcribing agency DLC
Modifying agency DLC
042 ## - AUTHENTICATION CODE
Authentication code pcc
043 ## - GEOGRAPHIC AREA CODE
Geographic area code n-us---
050 00 - LIBRARY OF CONGRESS CALL NUMBER
Classification number LC4704.5
Item number .T86 2002
082 00 - DEWEY DECIMAL CLASSIFICATION NUMBER
Classification number 371.9/03
Edition number 21
100 1# - MAIN ENTRY--PERSONAL NAME
Personal name Turkington, Carol.
245 14 - TITLE STATEMENT
Title The encyclopedia of learning disabilities /
Statement of responsibility, etc. Carol Turkington, Joseph R. Harris ; American Bookworks.
260 ## - PUBLICATION, DISTRIBUTION, ETC. (IMPRINT)
Place of publication, distribution, etc. New York :
Name of publisher, distributor, etc. Facts on File,
Date of publication, distribution, etc. c2002.
300 ## - PHYSICAL DESCRIPTION
Extent xii, 304 p. ;
Dimensions 25 cm.
440 #4 - SERIES STATEMENT/ADDED ENTRY--TITLE
Title The Facts on File library of health and living
504 ## - BIBLIOGRAPHY, ETC. NOTE
Bibliography, etc Includes bibliographical references (p. 281-284) and index.
650 #0 - SUBJECT ADDED ENTRY--TOPICAL TERM
Topical term or geographic name as entry element Learning disabilities
Form subdivision Encyclopedias.
650 #0 - SUBJECT ADDED ENTRY--TOPICAL TERM
Topical term or geographic name as entry element Learning disabled
General subdivision Education
Geographic subdivision United States
Form subdivision Encyclopedias.
700 1# - ADDED ENTRY--PERSONAL NAME
Personal name Harris, Joseph,
Dates associated with a name 1951 December 20-
710 2# - ADDED ENTRY--CORPORATE NAME
Corporate name or jurisdiction name as entry element American BookWorks Corporation.
906 ## - LOCAL DATA ELEMENT F, LDF (RLIN)
a 7
b cbc
c orignew
d 1
e ocip
f 20
g y-gencatlg
942 ## - ADDED ENTRY ELEMENTS (KOHA)
Source of classification or shelving scheme
Koha item type Hard Covered Materials
Classification part LC 4704.5 .T86 2001
Holdings
Withdrawn status Lost status Source of classification or shelving scheme Damaged status Not for loan Home library Current library Shelving location Date acquired Source of acquisition Total Checkouts Full call number Barcode Date last seen Price effective from Koha item type
          MACHAKOS UNIVERSITY LIBRARY MACHAKOS UNIVERSITY LIBRARY Open shelf 12/07/2016 Donation (BFA)   LC 4704.5 .T86 2001 23021 06/06/2019 12/07/2016 Hard Covered Materials
© Machakos University Library, Along The Highway, Machakos Wote Rd, Machakos, Kenya P.O. Box 136 - 90100 Machakos - Kenya

Tel: ( +254 ) 723 805829 OR Fax : 044-20353 OR Email: library@mksu.ac.ke